Legalization of Prostitution. (Record no. 6525)

MARC details
000 -LEADER
fixed length control field 00610nam a2200253 a 4500
020 ## - INTERNATIONAL STANDARD BOOK NUMBER
ISBN 8185447
082 00 - DEWEY DECIMAL CLASSIFICATION NUMBER
Classification number 306.74
Author Cutter DCU
100 ## - MAIN ENTRY--AUTHOR NAME
Author name D`Cunha, Jean
245 ## - TITLE STATEMENT
Title Legalization of Prostitution.
260 ## - PUBLICATION, DISTRIBUTION, ETC. (IMPRINT)
Place of publication Bangalore
Name of publisher Wordmakers
Year of publication 1991
300 ## - PHYSICAL DESCRIPTION
Number of Pages 215p
500 ## - GENERAL NOTE
General note includes index and biblioraphy
505 2# - FORMATTED CONTENTS NOTE
Formatted contents note Index
650 ## - SUBJECT ADDED ENTRY--TOPICAL TERM
Topical Term Prostitution
650 ## - SUBJECT ADDED ENTRY--TOPICAL TERM
Topical Term Women-Prostitutes
942 ## - ADDED ENTRY ELEMENTS (KOHA)
Koha item type Books
700 1# -
-- D`Cunha, Jean
Holdings
Collection code Home library Current library Date acquired Cost, normal purchase price Full call number Accession Number Koha item type
  Henry Martyn Institute Library Henry Martyn Institute Library 04/05/2007 60.00 306.74 DCU 014221 Books
                   Copyright © 2026 | Henry Martyn Institute | Hyderabad | TS-500052 | INDIA | Implemented by hmi.edu.in
Hit-Count:

Powered by Koha